000 00336nam a2200145Ia 4500
008 151213s9999 xx 000 0 und d
100 _aT.S. Eliot
245 _aThe Cocktail Party
_cT.S. Eliot
260 _aLondon
_bFalen & Falen
300 _a4549 p.
650 _aEnglish
650 _aPlay
700 _aT.S. Eliot
999 _c2923
_d2923